000 00916nam a22002177a 4500
999 _c22356
_d22356
003 AR-CdUCM
008 190429b ||||| |||| 00| 0 spa d
040 _aMUNICIPALIDAD PROVINCIAL DEL CUSCO
_cBIBLIOTECA MUNICIPAL DEL CUSCO
082 _aProcultura/N°13/2013
245 _aRevista Pro cultura /
_cSociedad Pro-Cultura Clorinda Matto de Turner
260 _aCusco.
_bPantigozo,
_c2013.
300 _a138 páginas. :
_bilustraciones ;
_c30 cm.
440 _aRevista Pro cultura.
_nN°13, marzo 2013.
_947925
500 _aDonación Mesa Redonda Panamericana
505 _aContenido: Traslado de los restos de Clorinda Matto de Turner del cementerio presbítero maestro de Lima al cementerio de la Almudena de Cusco.
650 _aHistoria institucional
_947480
650 _aClorinda Matto deTurner
_947481
710 _aSociedad Pro Cultura Clorinda Matto de Turner
_929944
942 _2ddc
_cPP
945 _arac